| 000 | 01075cam a22003377a 4500 | ||
|---|---|---|---|
| 003 | CHAP | ||
| 005 | 20220817043137.0 | ||
| 008 | 971013s1984 it r 00010 eng d | ||
| 010 | _a66754 | ||
| 011 | _a67726 | ||
| 020 | _a9251020124 | ||
| 035 | _a77198 | ||
| 040 | _cCHAP | ||
| 082 |
_a631.4 _bF29y v.28 |
||
| 110 | _aFAO | ||
| 245 | 1 | 0 |
_aS.I. units and nomenclature in soil science _c/by P.R.Hesse |
| 260 |
_aRome : _bFAO, _c1984 |
||
| 300 | _a25 p. | ||
| 490 | 0 |
_aFAO. Boletín de suelos _v; 28 |
|
| 590 |
_aBATCH-UPD _b10 _c20130110 _lUCH01 _h1731 |
||
| 590 |
_aBATCH-UPD _b10 _c20130410 _lUCH01 _h1112 |
||
| 590 |
_aBATCH-UPD _b10 _c20130914 _lUCH01 _h1341 |
||
| 590 |
_aCONVERSION _b10 _c20130109 _lUCH01 _h1337 |
||
| 650 | 1 | 4 |
_aSuelos _xMedidas. _9110430 |
| 700 | 0 |
_aHesse, P. R. _955054 |
|
| 830 | 0 |
_aFAO. Boletín de suelos _v; 28 _939455 |
|
| 901 | _aBK | ||
| 942 | _cLIBRO | ||
| 949 |
_a631.4 F29y v.28 _bBC _cFAO _d33724002135488 _eFAO2 _fc.2 _gDonaciØn _h78299 _i77198 _sb |
||
| 949 |
_a631.4 F29y v.28 _bBC _cFAO _d33724002135520 _eFAO1 _gI.139828 _h72438 _i77198 _st _t6.40 |
||
| 999 |
_c66754 _d66754 |
||